Zentralamerika Kartenquiz - Statistiken

Allgemein
  • Dieses Quiz wurde 354 mal gespielt
  • Das Durchschnittsergebnis liegt bei 12 aus 14
Antworten auf der Karte
Die Antworten werden auf der Karte rot bzw. grün angezeigt, abhängig davon wie oft sie richtig erraten wurden.
 
Antwortstatistiken
Antwort % Korrekt
Panama
92%
Kuba
87%
Dominikanische Republik
86%
Guatemala
84%
Bahamas
83%
Belize
83%
Costa Rica
83%
El Salvador
82%
Jamaika
82%
Trinidad and Tobago
81%
Haiti
80%
Honduras
80%
Nicaragua
76%
Puerto Rico (US)
73%
Keine übereinstimmenden Quizze gefunden
Verteilung der Resultate
Anzahl Personen mit jedem Resultat
Perzentil nach korrekt beantworteten Fragen
Ihre Resultats-Entwicklung
Sie haben dieses Quiz noch nicht gespielt